|
|
|
|
| LEADER |
01639nam a2200325 a 4500 |
| 001 |
0020904 |
| 003 |
BD-DhAAL |
| 008 |
100927s1965 bg w 000 0 eng d |
| 040 |
|
|
|a BD-DhAAL
|c BD-DhAAL
|
| 082 |
0 |
0 |
|a 348.5492046
|2 22
|
| 130 |
0 |
|
|a DLR
|9 1134
|
| 245 |
0 |
4 |
|a The Dacca law reports :
|b fortnightly law journal : table of cases of the Supreme Court of Pakistan.
|n Volume XVII /
|c Obaidul Haque Chowdhury, editor
|
| 246 |
1 |
7 |
|a The Dhaka Law Reports.
|
| 260 |
|
|
|a Dacca [Bangladesh] :
|b Dacca Law Reports,
|c 1965.
|
| 300 |
|
|
|a 159 p. ;
|c 25 cm
|
| 362 |
0 |
|
|a Vol. 17 (1965)
|
| 500 |
|
|
|a Table of Cases of the Supreme Court of Pakistan.
|
| 500 |
|
|
|a "A journal of law reports."
|
| 500 |
|
|
|a Latest issue consulted: Vol. XVII, January to December,1965
|
| 526 |
|
|
|a SOL
|x Saira Rahman Khan,
Associate Professor
School of Law
BRAC University
|
| 541 |
|
|
|e 0020904, 0022297
|a Anupam Gyan Bhandar
|
| 590 |
|
|
|a Published yearly.
|
| 650 |
|
0 |
|a Law reports, digests, etc.
|z Bangladesh.
|9 1135
|
| 650 |
|
0 |
|a Law reports, digests, etc.
|z India
|z Bengal.
|9 1136
|
| 700 |
|
|
|a Chowdhury, Obaidul Haque.
|9 1137
|
| 852 |
1 |
|
|a Ayesha Abed Library
|
| 942 |
|
|
|2 ddc
|c 1HOUR
|0 1
|
| 999 |
|
|
|c 10661
|d 10661
|
| 952 |
|
|
|0 0
|1 0
|2 ddc
|4 0
|6 348_549204600000000_DAC
|7 0
|8 REF
|9 16101
|a BRACUL
|b BRACUL
|c REF
|d 2011-04-18
|l 0
|o 348.5492046 DAC
|p 3010022297
|r 2011-04-18
|t 2
|w 2011-04-18
|y 1HOUR
|
| 952 |
|
|
|0 0
|1 0
|2 ddc
|4 0
|6 348_549200000000000_046_DAC
|7 0
|8 REF
|9 24032
|a BRACUL
|b BRACUL
|c REF
|d 2014-03-29
|e Anupam Gyan Bhandar
|l 3
|o 348.5492046 DAC
|p 3010020904
|r 2019-05-25
|s 2019-05-25
|t 1
|w 2014-03-29
|y 1HOUR
|x Requisitioned by Saira Rahman Khan, Associate Professor, School of Law, BRAC University.
|